ثقافات ما أحوجنا إليها / (رقم التسجيلة. 133037)

تفاصيل مارك
000 -الفاتح
عناصر البيانات ثابتة الطول 00656cam a2200181 i 4500
005 - تاريخ ووقت آخر معاملة
حقل ضبط 20251221105012.0
008 - عناصر البيانات ثابتة الطول
عناصر البيانات ثابتة الطول 250721s2014 jo gr 000 0 ara d
082 14 - رقم تصنيف ديوي العشري
رقم التصنيف 218.2
رقم المادة ه و د
100 1# - مدخل رئيسي – اسم شخصي
الاسم الشخصي الهودلي، سعيد مفلح
علاقة الشخص بالعمل/ دوره مؤلف.
245 10 - بيان العنوان
العنوان ثقافات ما أحوجنا إليها /
بيان المسؤولية المفكر الاسلامي المهندس سعبد مفلح الهودلي.
250 ## - بيان الطبعة
بيان الطبعة الطبعة الاولى.
264 31 - بيانات النشر، التوزيع…إلخ
مكان النشر، التوزيع...إلخ عمان :
اسم الناشر، الموزع...إلخ دار المأمون للنشر و التوزيع،
تاريخ النشر، التوزيع...إلخ 2014.
300 ## - الوصف المادي
عدد الوحدات المكونة للوعاء 174 صفحة.
650 17 - مدخل إضافي بالموضوع - مصطلح موضوعي
مصطلح موضوعي أو اسم جغرافي كعنصر مدخل حب العمل
650 17 - مدخل إضافي بالموضوع - مصطلح موضوعي
مصطلح موضوعي أو اسم جغرافي كعنصر مدخل التسامح.
942 ## - بيانات إضافية (كوها)
نوع التنصيف Dewey Decimal Classification
نوع المادة (كوها) كتب
المقتنيات
حالة السحب حالة الفقدان مصدر التصنيف حالة التلف غير قابل للإعارة المكتبة الرئيسية المكتبة الحالية موقع الرف تاريخ التزويد الرقم المتسلسل Total Checkouts رقم الإستدعاء الباركود تاريخ آخر ظهور تاريخ الفاتورة نوع المادة (كوها)
    Dewey Decimal Classification     المكتبة المركزية المكتبة المركزية الإعارة 28/07/2025 1615419   218.2 / ه و د PLD00355377 28/07/2025 28/07/2025 كتب
    Dewey Decimal Classification     مكتبة صويلح العامة مكتبة صويلح العامة الإعارة 11/11/2015 1615421   هود/218.2 PLD00364006 28/07/2025 11/11/2015 كتب
    Dewey Decimal Classification     مكتبة وادي السير العامة مكتبة وادي السير العامة الإعارة 11/11/2015 1615420   هود/218.2 PLD00364005 28/07/2025 11/11/2015 كتب
Implemented & Customized by: BBB with SCIT (Smart Chains for Information Technology)

Powered by Koha